| 000 | 00379 a2200145 4500 | ||
|---|---|---|---|
| 001 | 165700 | ||
| 020 | _a | ||
| 040 | _cMagnum | ||
| 100 | _aOliveira, Maria Rita Neto Sales Et Al. | ||
| 240 | 1 | 0 |
_aConfluencias e divergencias ente didatica e curriculo _lpor |
| 245 | 1 | 0 | _aConfluencias e divergencias ente didatica e curriculo |
| 362 | 0 | _a1899 | |
| 697 | _aGERAL | ||
| 942 | _cBK | ||
| 999 |
_c165700 _d165700 |
||